Telaga darah (Record no. 71932)

MARC details
000 -LEADER
fixed length control field 00549cam a22002171 4500
001 - CONTROL NUMBER
control field sa 67000356
003 - CONTROL NUMBER IDENTIFIER
control field DLC
005 - DATE AND TIME OF LATEST TRANSACTION
control field 20260227112314.0
008 - FIXED-LENGTH DATA ELEMENTS--GENERAL INFORMATION
fixed length control field 940329s1964 io a 000 0 ind
010 ## - LIBRARY OF CONGRESS CONTROL NUMBER
LC control number sa 67000356
025 ## - OVERSEAS ACQUISITION NUMBER
Overseas acquisition number PL480:Indo-2609
035 ## - SYSTEM CONTROL NUMBER
System control number (OCoLC)30052318
040 ## - CATALOGING SOURCE
Original cataloging agency DLC
Transcribing agency CU
Modifying agency DLC
042 ## - AUTHENTICATION CODE
Authentication code premarc
050 00 - LIBRARY OF CONGRESS CALL NUMBER
Classification number PL5089.D34
Item number T35 1964
100 1# - MAIN ENTRY--PERSONAL NAME
Personal name Damhoeri, A.
245 10 - TITLE STATEMENT
Title Telaga darah
Statement of responsibility, etc. [oleh] A. Damhoeri.
250 ## - EDITION STATEMENT
Edition statement Tjet. 2.
260 ## - PUBLICATION, DISTRIBUTION, ETC.
Place of publication, distribution, etc. Pajakumbuh,
Name of publisher, distributor, etc. Eleonora,
Date of publication, distribution, etc. 1964.
300 ## - PHYSICAL DESCRIPTION
Extent 78 p.
Other physical details illus.
Dimensions 17 cm.

No items available.

Powered by Koha